000 01153nam a22002777a 4500
005 20100407160011.0
008 100407t xxu||||| |||| 00| 0 eng d
010 _aENG-95997
020 _a9788131729236 (pbk.)
_c275.00
035 _aEN-79530
037 _bDBAD/VEN
040 _adpl
050 _aHF5718.3
082 _a651.74
_222
100 _aTaylor, Neil.
245 _aBrilliant business writing :
_bhow to inspire,engage and persuade through words /
_cby Neil Taylor.
260 _aNew Delhi
_bDorling Kindersley (India) Pvt.Ltd., Licensees of Pearson Education
_c2010.
263 _a0812
270 _a14, Local Shopping Centre, Panchsheel Park
_bNew Delhi
_e110017
300 _a220p. :
_c23 cm..(Pbk)
650 _aBusiness writing.
942 _2ddc
_cEN
_mTAY
_h651.74
999 _c35145
_d35145